Arrangements for handling heritage applications : notification and directions by the Secretary of State. (Record no. 101101)

MARC details
000 -LEADER
fixed length control field 00895cam a2200241 4500
008 - FIXED-LENGTH DATA ELEMENTS--GENERAL INFORMATION
fixed length control field 000000n2001 000 0 eng u
020 ## - INTERNATIONAL STANDARD BOOK NUMBER
International Standard Book Number 0117535567
035 ## - SYSTEM CONTROL NUMBER
System control number (Sirsi) u110462
110 ## - MAIN ENTRY--CORPORATE NAME
Corporate name or jurisdiction name as entry element United Kingdom
Subordinate unit Department of the Environment, Transport and the Regions
9 (RLIN) 3507
245 ## - TITLE STATEMENT
Title Arrangements for handling heritage applications : notification and directions by the Secretary of State.
260 ## - PUBLICATION, DISTRIBUTION, ETC.
Place of publication, distribution, etc. London
Name of publisher, distributor, etc. Stationery Office
Date of publication, distribution, etc. 2001
300 ## - PHYSICAL DESCRIPTION
Extent 30p. ; 30cm.
350 ## - PRICE (NR) (BK AM CF MU VM SE) [OBSOLETE]
Price 8.00
490 ## - SERIES STATEMENT
Series statement DETR Circular
Volume/sequential designation 01/2001
520 ## - SUMMARY, ETC.
Summary, etc. Notifications and directions come into force on 19 February 2001. Revokes Environment Circular 14/97 (Culture, Media and Sport Circular 1/97).
650 ## - SUBJECT ADDED ENTRY--TOPICAL TERM
Topical term or geographic name entry element PPG15
650 ## - SUBJECT ADDED ENTRY--TOPICAL TERM
Topical term or geographic name entry element LISTED BUILDINGS
650 ## - SUBJECT ADDED ENTRY--TOPICAL TERM
Topical term or geographic name entry element CIRCULARS
650 ## - SUBJECT ADDED ENTRY--TOPICAL TERM
Topical term or geographic name entry element HISTORIC BUILDINGS
650 ## - SUBJECT ADDED ENTRY--TOPICAL TERM
Topical term or geographic name entry element ENGLISH HERITAGE
690 ## - LOCAL SUBJECT ADDED ENTRY--TOPICAL TERM (OCLC, RLIN)
Topical term or geographic name as entry element Planning and development
9 (RLIN) 6259
942 ## - ADDED ENTRY ELEMENTS (KOHA)
Suppress in OPAC 0
Holdings
Withdrawn status Lost status Source of classification or shelving scheme Damaged status Not for loan Home library Current library Shelving location Date acquired Cost, normal purchase price Total Checkouts Full call number Barcode Date last seen Date last checked out Copy number Cost, replacement price Price effective from Koha item type
    Dewey Decimal Classification     London London Basement 23/01/2001 8.00 1 BASEMENT 3 30063300 06/08/2019 29/05/2001 1 8.00 06/08/2019 Book